000 00656nam a2200229Ia 4500
003 OSt
005 20220925180907.0
006 a|||||r|||| 00| 0
007 ta
008 220923b |||||||| |||| 00| 0 eng d
037 _cGeneral Book
040 _aRTL
_cRTL
_beng
041 _2eng
_aeng
082 _aX65:515, M6
100 _aWeisweiller Rudi Ed.
_9252218
245 0 _aArbitrage
_b Opportunities and techniques in the fi
260 _aCambridge
_bWoodhead-Faulkner
_c1986
300 _axi, 140p.
_ccm.
650 _aInvestment
942 _hX65:515, M6
_cGB
_2CC
999 _c497758
_d497758